000
00282nam a2200121Ia 4500
005
20251222144824.0
008
251222s9999||||xx |||||||||||||| ||spa||
082
_a
510/L65
100
_a
Linares Carrillo, Luis
245
0
_a
Razonamiento Matemático
264
_b
s.e.
942
_c
LIB
999
_c
20581
_d
20581